The Journal of transpersonal psychology.

Bibliographic Details
Format: Journal
Language:English
Published: [Palo Alto, Calif.?] [publisher not identified] ;
Subjects:
Online Availability: Check for online availability

MARC

Tag First Indicator Second Indicator Subfields
LEADER 00000cas a2200000 4500
001 in00000300521
005 20151010092051.0
008 740606c19699999caufr p 0uuua0eng d
010 |a  78012693  
022 |a 0022-524X 
035 |a (OCoLC)01800053 
035 |9 ABG6446AM 
040 |a DLC  |c DLC  |d NSD  |d DLC  |d TXA  |d UtOrBLW 
049 |a TXAE 
050 0 |a BF1  |b .J75 
245 0 4 |a The Journal of transpersonal psychology. 
264 1 |a [Palo Alto, Calif.?]  |b [publisher not identified] ; 
300 |a  volumes  |a semiannual. 
336 |a text  |b txt  |2 rdacontent 
337 |a unmediated  |b n  |2 rdamedia 
338 |a volume  |b nc  |2 rdacarrier 
362 0 |a spring 1969- 
650 0 |a Psychology  |v Periodicals. 
999 |a MARS 
999 f f |s 5bcd4b34-698b-3a68-b3af-5370493fa3be  |i 86554cbe-fb57-37ed-81a1-f0d0957e4e05  |t 0 
952 f f |p ric  |a Texas A&M University  |b Rellis Campus  |c Joint Library Facility  |d Remote Storage  |t 0  |e BF1 .J75  |h Library of Congress classification  |i unmediated -- volume  |k v.28/29  |l 1996/1997  |m A14818556672 
952 f f |p ric  |a Texas A&M University  |b Rellis Campus  |c Joint Library Facility  |d Remote Storage  |t 0  |e BF1 .J75  |h Library of Congress classification  |i unmediated -- volume  |k v.35  |l 2003  |m A14832837228 
952 f f |p ric  |a Texas A&M University  |b Rellis Campus  |c Joint Library Facility  |d Remote Storage  |t 0  |e BF1 .J75  |h Library of Congress classification  |i unmediated -- volume  |k v.32/33  |l 2000/2001  |m A14830367934 
952 f f |p ric  |a Texas A&M University  |b Rellis Campus  |c Joint Library Facility  |d Remote Storage  |t 0  |e BF1 .J75  |h Library of Congress classification  |i unmediated -- volume  |k v.48  |l 2016  |m A14850350753 
952 f f |p ric  |a Texas A&M University  |b Rellis Campus  |c Joint Library Facility  |d Remote Storage  |t 0  |e BF1 .J75  |h Library of Congress classification  |i unmediated -- volume  |k v.34  |l 2002  |m A14831494530 
952 f f |p ric  |a Texas A&M University  |b Rellis Campus  |c Joint Library Facility  |d Remote Storage  |t 0  |e BF1 .J75  |h Library of Congress classification  |i unmediated -- volume  |k v.10/11  |l 1978/1979  |m A14821580321 
952 f f |p ric  |a Texas A&M University  |b Rellis Campus  |c Joint Library Facility  |d Remote Storage  |t 0  |e BF1 .J75  |h Library of Congress classification  |i unmediated -- volume  |k v.20/21  |l 1988/1989  |m A14812967786 
952 f f |p ric  |a Texas A&M University  |b Rellis Campus  |c Joint Library Facility  |d Remote Storage  |t 0  |e BF1 .J75  |h Library of Congress classification  |i unmediated -- volume  |k v.8/9  |l 1976/1977  |m A14821580371 
952 f f |p ric  |a Texas A&M University  |b Rellis Campus  |c Joint Library Facility  |d Remote Storage  |t 0  |e BF1 .J75  |h Library of Congress classification  |i unmediated -- volume  |k v.47  |l 2015  |m A14843548232 
952 f f |p ric  |a Texas A&M University  |b Rellis Campus  |c Joint Library Facility  |d Remote Storage  |t 0  |e BF1 .J75  |h Library of Congress classification  |i unmediated -- volume  |k v.39:no.2  |l 2007  |m A14834792000 
952 f f |p ric  |a Texas A&M University  |b Rellis Campus  |c Joint Library Facility  |d Remote Storage  |t 0  |e BF1 .J75  |h Library of Congress classification  |i unmediated -- volume  |k v.49  |l 2017  |m A14850409187 
952 f f |p ric  |a Texas A&M University  |b Rellis Campus  |c Joint Library Facility  |d Remote Storage  |t 0  |e BF1 .J75  |h Library of Congress classification  |i unmediated -- volume  |k v.45  |l 2013  |m A14843548216 
952 f f |p ric  |a Texas A&M University  |b Rellis Campus  |c Joint Library Facility  |d Remote Storage  |t 0  |e BF1 .J75  |h Library of Congress classification  |i unmediated -- volume  |k v.44  |l 2012  |m A14843548208 
952 f f |p ric  |a Texas A&M University  |b Rellis Campus  |c Joint Library Facility  |d Remote Storage  |t 0  |e BF1 .J75  |h Library of Congress classification  |i unmediated -- volume  |k v.12/13  |l 1980/1981  |m A14821580274 
952 f f |p ric  |a Texas A&M University  |b Rellis Campus  |c Joint Library Facility  |d Remote Storage  |t 0  |e BF1 .J75  |h Library of Congress classification  |i unmediated -- volume  |k v.30/31  |l 1998/1999  |m A14827893706 
952 f f |p ric  |a Texas A&M University  |b Rellis Campus  |c Joint Library Facility  |d Remote Storage  |t 0  |e BF1 .J75  |h Library of Congress classification  |i unmediated -- volume  |k v.22/23  |l 1990/1991  |m A14816050450 
952 f f |p ric  |a Texas A&M University  |b Rellis Campus  |c Joint Library Facility  |d Remote Storage  |t 0  |e BF1 .J75  |h Library of Congress classification  |i unmediated -- volume  |k v.38:no.2  |l 2006  |m A14837124361 
952 f f |p ric  |a Texas A&M University  |b Rellis Campus  |c Joint Library Facility  |d Remote Storage  |t 0  |e BF1 .J75  |h Library of Congress classification  |i unmediated -- volume  |k v.36  |l 2004  |m A14834655177 
952 f f |p ric  |a Texas A&M University  |b Rellis Campus  |c Joint Library Facility  |d Remote Storage  |t 0  |e BF1 .J75  |h Library of Congress classification  |i unmediated -- volume  |k v.42  |l 2010  |m A14843548182 
952 f f |p ric  |a Texas A&M University  |b Rellis Campus  |c Joint Library Facility  |d Remote Storage  |t 0  |e BF1 .J75  |h Library of Congress classification  |i unmediated -- volume  |k v.16/17  |l 1984/1985  |m A14813846365 
952 f f |p ric  |a Texas A&M University  |b Rellis Campus  |c Joint Library Facility  |d Remote Storage  |t 0  |e BF1 .J75  |h Library of Congress classification  |i unmediated -- volume  |k v.24/25  |l 1992/1993  |m A14819182434 
952 f f |p ric  |a Texas A&M University  |b Rellis Campus  |c Joint Library Facility  |d Remote Storage  |t 0  |e BF1 .J75  |h Library of Congress classification  |i unmediated -- volume  |k v.41:no.2  |l 2009  |m A14843548174 
952 f f |p ric  |a Texas A&M University  |b Rellis Campus  |c Joint Library Facility  |d Remote Storage  |t 0  |e BF1 .J75  |h Library of Congress classification  |i unmediated -- volume  |k v.50  |l 2018  |m A14850928806 
952 f f |p ric  |a Texas A&M University  |b Rellis Campus  |c Joint Library Facility  |d Remote Storage  |t 0  |e BF1 .J75  |h Library of Congress classification  |i unmediated -- volume  |k v.43  |l 2011  |m A14843548190 
952 f f |p ric  |a Texas A&M University  |b Rellis Campus  |c Joint Library Facility  |d Remote Storage  |t 0  |e BF1 .J75  |h Library of Congress classification  |i unmediated -- volume  |k v.18/19  |l 1986/1987  |m A14811610718 
952 f f |p ric  |a Texas A&M University  |b Rellis Campus  |c Joint Library Facility  |d Remote Storage  |t 0  |e BF1 .J75  |h Library of Congress classification  |i unmediated -- volume  |k v.14/15  |l 1982/1983  |m A14813846315 
952 f f |p ric  |a Texas A&M University  |b Rellis Campus  |c Joint Library Facility  |d Remote Storage  |t 0  |e BF1 .J75  |h Library of Congress classification  |i unmediated -- volume  |k v.46  |l 2014  |m A14843548224 
952 f f |p ric  |a Texas A&M University  |b Rellis Campus  |c Joint Library Facility  |d Remote Storage  |t 0  |e BF1 .J75  |h Library of Congress classification  |i unmediated -- volume  |k v.26/27  |l 1994/1995  |m A14821440385 
952 f f |p ric  |a Texas A&M University  |b Rellis Campus  |c Joint Library Facility  |d Remote Storage  |t 0  |e BF1 .J75  |h Library of Congress classification  |i unmediated -- volume  |k v. 40  |l 2008  |m A14838992000 
952 f f |p ric  |a Texas A&M University  |b Rellis Campus  |c Joint Library Facility  |d Remote Storage  |t 0  |e BF1 .J75  |h Library of Congress classification  |i unmediated -- volume  |k v.51  |l 2019  |m A14851478801 
952 f f |p ric  |a Texas A&M University  |b Rellis Campus  |c Joint Library Facility  |d Remote Storage  |t 0  |e BF1 .J75  |h Library of Congress classification  |i unmediated -- volume  |k v.37  |l 2005  |m A14837124329 
998 f f |a BF1 .J75  |s v.42-51 (2010-2019)  |t 0  |l Remote Storage